header

Personal Daily Log with Updated Interactive Web-sites (Record no. 261875)

MARC details
000 -LEADER
fixed length control field 00251nam a22000977a 4500
020 ## - INTERNATIONAL STANDARD BOOK NUMBER
ISBN 9780534589660
100 ## - MAIN ENTRY--AUTHOR NAME
Personal name Wadsworth
245 ## - TITLE STATEMENT
Title Personal Daily Log with Updated Interactive Web-sites
260 ## - PUBLICATION, DISTRIBUTION, ETC. (IMPRINT)
Place of publication U.S.A
Name of publisher Thompson Wadsworth
Year of publication 2004
942 ## - ADDED ENTRY ELEMENTS (KOHA)
Koha item type Long Loan Books
Holdings
Withdrawn status Lost status Collection code Home library Current library Shelving location Date acquired Accession Number Koha item type
    Fiction Rongo University Library Rongo University Library Children's Area 27/11/2023 CL20211106 Long Loan Books

© 2026 Rongo University
Contact us: librarian | system librarian | Rongo university